[Event "5.Copenhagen Open IM Politiken Cup"]
[Site "Hvidovre"]
[Date "1983.??.??"]
[Round "8"]
[White "Hodgson, Julian M"]
[Black "Pokojowczyk, Jerzy"]
[Result "1/2-1/2"]
[WhiteElo "2385"]
[BlackElo "2335"]
[PlyCount "80"]
[EventDate "1983.??.??"]
[EventType "swiss"]
[EventRounds "9"]
[EventCountry "DEN"]
[SourceDate "2004.01.01"]

1. e4 e5 2. Bc4 Nf6 3. d3 Nc6 4. Nf3 Be7 5. c3 O-O 6. O-O d5 7. exd5 Nxd5 8.
Re1 Bg4 9. Nbd2 Nb6 10. Bb5 Bd6 11. Ne4 Kh8 12. h3 Bd7 13. Nxd6 cxd6 14. d4 f6
15. b3 Re8 16. dxe5 dxe5 17. Ba3 e4 18. Bxc6 bxc6 19. Nd4 Nd5 20. Ne2 Qa5 21.
Qc1 e3 22. f3 c5 23. c4 Ne7 24. Bb2 Nf5 25. Qc3 Qc7 26. Rad1 Nh4 27. Rf1 Bf5
28. Rd5 Rad8 29. Bc1 Rxd5 30. cxd5 Bc8 31. Bxe3 Qe7 32. Bf2 Nxg2 33. Kxg2 Qxe2
34. Re1 Qb5 35. Qxc5 Qd7 36. Rxe8+ Qxe8 37. Qxa7 h6 38. Qd4 Qg6+ 39. Bg3 Qc2+
40. Qf2 Qf5 1/2-1/2

[Event "5.Copenhagen Open IM Politiken Cup"]
[Site "Hvidovre"]
[Date "1983.??.??"]
[Round "2"]
[White "Hodgson, Julian M"]
[Black "Stigar, Petter"]
[Result "1-0"]
[WhiteElo "2385"]
[BlackElo "2270"]
[PlyCount "55"]
[EventDate "1983.??.??"]
[EventType "swiss"]
[EventRounds "9"]
[EventCountry "DEN"]
[SourceDate "2004.01.01"]

1. Nf3 Nf6 2. b3 d5 3. c4 c6 4. Bb2 Bf5 5. e3 Nbd7 6. d4 e6 7. Nc3 Be7 8. Bd3
Bxd3 9. Qxd3 O-O 10. O-O Qa5 11. e4 dxe4 12. Nxe4 Rfd8 13. Nxf6+ Bxf6 14. Qe2
Nf8 15. Rfd1 Rd7 16. Rd3 Rad8 17. Rad1 Ng6 18. g3 Qf5 19. R3d2 Qg4 20. Qe3 h5
21. Re1 c5 22. Red1 Ne7 23. h3 Qxh3 24. dxc5 Nf5 25. Qf4 Rxd2 26. Rxd2 Rxd2 27.
Qxd2 Bxb2 28. Qd8+ 1-0

[Event "5.Copenhagen Open IM Politiken Cup"]
[Site "Hvidovre"]
[Date "1983.??.??"]
[Round "3"]
[White "Hodgson, Julian M"]
[Black "Bednarski, Jacek"]
[Result "1/2-1/2"]
[WhiteElo "2385"]
[BlackElo "2325"]
[PlyCount "50"]
[EventDate "1983.??.??"]
[EventType "swiss"]
[EventRounds "9"]
[EventCountry "DEN"]
[SourceDate "2004.01.01"]

1. Nf3 Nf6 2. b3 d5 3. Bb2 Bg4 4. g3 Bxf3 5. exf3 a5 6. Bg2 a4 7. b4 e6 8. a3
c5 9. bxc5 Bxc5 10. O-O O-O 11. d3 Nc6 12. f4 Ra6 13. Nd2 Rb6 14. Rb1 Nd4 15.
Nf3 Nxf3+ 16. Qxf3 d4 17. f5 Qd6 18. fxe6 fxe6 19. Ba1 Rxb1 20. Rxb1 Nd5 21.
Qe4 Nc3 22. Bxc3 dxc3 23. Qxa4 Rxf2 24. Kh1 b6 25. Re1 Rf6 1/2-1/2

[Event "5.Copenhagen Open IM Politiken Cup"]
[Site "Hvidovre"]
[Date "1983.??.??"]
[Round "6"]
[White "King, Daniel J"]
[Black "Cramling, Dan"]
[Result "1/2-1/2"]
[WhiteElo "2395"]
[BlackElo "2410"]
[PlyCount "83"]
[EventDate "1983.??.??"]
[EventType "swiss"]
[EventRounds "9"]
[EventCountry "DEN"]
[SourceDate "2004.01.01"]

1. Nf3 Nf6 2. c4 g6 3. g3 Bg7 4. Bg2 O-O 5. O-O d6 6. d4 Nbd7 7. Nc3 e5 8. e4
c6 9. h3 Ne8 10. Re1 exd4 11. Nxd4 Qb6 12. Nb3 a5 13. Be3 Qb4 14. a3 Qxc4 15.
Nd4 Bxd4 16. Bxd4 Nc5 17. Bf1 Qe6 18. e5 Nb3 19. exd6 Qxd6 20. Qxb3 Qxd4 21.
Rad1 Qf6 22. Ne4 Qe7 23. Nd6 Be6 24. Qxb7 Qxb7 25. Nxb7 Bd5 26. Nc5 Nf6 27. Bg2
Rfe8 28. b3 Kf8 29. Kf1 Re7 30. Bxd5 cxd5 31. b4 axb4 32. axb4 Rb8 33. Rd4
Rxe1+ 34. Kxe1 Ke7 35. Kd2 Ra8 36. Ke3 Ra1 37. Rd2 Kd6 38. Nd3 Nd7 39. Rc2 Ra8
40. f3 f6 41. f4 Re8+ 42. Kf3 1/2-1/2

[Event "5.Copenhagen Open IM Politiken Cup"]
[Site "Hvidovre"]
[Date "1983.??.??"]
[Round "4"]
[White "King, Daniel J"]
[Black "Nielsen, Jorgen"]
[Result "1-0"]
[WhiteElo "2395"]
[BlackElo "2230"]
[PlyCount "151"]
[EventDate "1983.??.??"]
[EventType "swiss"]
[EventRounds "9"]
[EventCountry "DEN"]
[SourceDate "2004.01.01"]

1. Nf3 f5 2. d4 Nf6 3. g3 g6 4. Bg2 Bg7 5. O-O O-O 6. c4 d6 7. Nc3 Nc6 8. d5
Ne5 9. Nxe5 dxe5 10. Qb3 Rb8 11. c5 Kh8 12. Rd1 a6 13. Qc4 b5 14. Qb4 e6 15. d6
cxd6 16. Rxd6 a5 17. Qh4 Qc7 18. Rc6 Qd7 19. Bh6 e4 20. Rd6 Qc7 21. Rad1 Qxc5
22. e3 b4 23. Ne2 Rb7 24. Rd8 Rd7 25. R1xd7 Bxd7 26. Qxf6 Bxf6 27. Rxf8+ Qxf8
28. Bxf8 Bxb2 29. f3 e5 30. fxe4 Be6 31. exf5 gxf5 32. Kf1 Bxa2 33. Ke1 Bc4 34.
Kd2 Kg8 35. Bc5 Kf7 36. Bc6 Ke6 37. Nc1 Bc3+ 38. Kc2 Bd5 39. Bb5 Be4+ 40. Kb3
Bd2 41. Nd3 Bxd3 42. Bxd3 h6 43. Kc2 Be1 44. Bb5 Bf2 45. Kd3 f4 46. Bf8 Bxe3
47. Bxh6 Bg1 48. Ke4 Bxh2 49. g4 f3 50. Kxf3 Kd5 51. Ke2 b3 52. Kd3 b2 53. Kc2
Bf4 54. Bf8 Bc1 55. Be7 e4 56. Bd8 Kc5 57. Be2 a4 58. g5 a3 59. Kb1 Kb4 60. g6
Bh6 61. Be7+ Kb3 62. Bd1+ Kc3 63. Bxa3 e3 64. Bg4 Kd4 65. Be2 Kc3 66. Bxb2+ Kd2
67. Bg4 Bf8 68. Bc1+ Kd3 69. Bf5+ Ke2 70. Ba3 Bh6 71. Kc2 Kf3 72. Bb4 e2 73.
Be1 Kg2 74. Bd3 Kf1 75. Bh4 Bf8 76. Kb3 1-0

[Event "5.Copenhagen Open IM Politiken Cup"]
[Site "Hvidovre"]
[Date "1983.??.??"]
[Round "9"]
[White "King, Daniel J"]
[Black "Welin, Thomas"]
[Result "1/2-1/2"]
[WhiteElo "2395"]
[BlackElo "2330"]
[PlyCount "48"]
[EventDate "1983.??.??"]
[EventType "swiss"]
[EventRounds "9"]
[EventCountry "DEN"]
[SourceDate "2004.01.01"]

1. Nf3 c5 2. c4 Nf6 3. Nc3 e6 4. g3 b6 5. Bg2 Bb7 6. O-O a6 7. b3 d6 8. Bb2 Be7
9. d4 cxd4 10. Nxd4 Bxg2 11. Kxg2 O-O 12. e3 Ra7 13. f4 d5 14. cxd5 exd5 15.
Qf3 Re8 16. Rad1 Rd7 17. Rd3 Ne4 18. Rfd1 Bf6 19. Nde2 Qc8 20. Ba1 Qc6 21. Rc1
Qb7 22. Rcd1 Qc6 23. Rc1 Qb7 24. Rcd1 Qc6 1/2-1/2

[Event "5.Copenhagen Open IM Politiken Cup"]
[Site "Hvidovre"]
[Date "1983.??.??"]
[Round "2"]
[White "King, Daniel J"]
[Black "Petersen, Finn"]
[Result "1-0"]
[WhiteElo "2395"]
[BlackElo "2325"]
[PlyCount "75"]
[EventDate "1983.??.??"]
[EventType "swiss"]
[EventRounds "9"]
[EventCountry "DEN"]
[SourceDate "2004.01.01"]

1. Nf3 c5 2. c4 g6 3. d4 Bg7 4. d5 b5 5. cxb5 a6 6. bxa6 Bxa6 7. Nc3 d6 8. g3
Nf6 9. Bg2 O-O 10. O-O Nbd7 11. Qc2 Qc7 12. Rd1 Rfb8 13. b3 Ng4 14. Rb1 Ra7 15.
Bb2 Rab7 16. Ba1 Qa5 17. Nd2 Rb4 18. h3 Ngf6 19. Bf1 Rc8 20. e4 Bxf1 21. Rxf1
Qa6 22. a4 Rbb8 23. Nb5 Nb6 24. Na3 Nfd7 25. Bxg7 Kxg7 26. Qc3+ Kg8 27. a5 Na8
28. Ndc4 Nc7 29. f4 Qb7 30. f5 f6 31. fxg6 hxg6 32. h4 Kg7 33. Rf3 Rh8 34. Rbf1
Rbf8 35. Qe3 Na6 36. Qf4 Nb4 37. Qg4 Rh5 38. Qe6 {Time} 1-0

[Event "5.Copenhagen Open IM Politiken Cup"]
[Site "Hvidovre"]
[Date "1983.??.??"]
[Round "8"]
[White "King, Daniel J"]
[Black "Grooten, Herman"]
[Result "1-0"]
[WhiteElo "2395"]
[BlackElo "2340"]
[PlyCount "79"]
[EventDate "1983.??.??"]
[EventType "swiss"]
[EventRounds "9"]
[EventCountry "DEN"]
[SourceDate "2004.01.01"]

1. Nf3 Nf6 2. c4 c5 3. g3 b6 4. Bg2 Bb7 5. O-O e6 6. Nc3 d6 7. d3 Nbd7 8. e4
Be7 9. Ne1 a6 10. f4 Rb8 11. Nf3 h5 12. Qe2 Qc7 13. f5 Ne5 14. Bf4 Bc8 15. Nh4
b5 16. Rac1 b4 17. Nd1 exf5 18. Nxf5 Bxf5 19. exf5 Kf8 20. Nf2 Re8 21. Ne4 Nxe4
22. Bxe4 Bf6 23. Qg2 h4 24. Kh1 Qd8 25. a3 bxa3 26. bxa3 Ng4 27. h3 Be5 28.
Bxe5 Ne3 29. Bxg7+ Kxg7 30. Qb2+ Re5 31. Rf3 Qg5 32. f6+ Kf8 33. Qb8+ Re8 34.
Qxd6+ Kg8 35. Qf4 Qxf4 36. gxf4 Rh6 37. Rxe3 Rxf6 38. Rf3 Rb6 39. Rg1+ Kf8 40.
f5 1-0

[Event "5.Copenhagen Open IM Politiken Cup"]
[Site "Hvidovre"]
[Date "1983.??.??"]
[Round "3"]
[White "Moe, Mogens"]
[Black "Bjerring, Kai"]
[Result "1-0"]
[WhiteElo "2345"]
[BlackElo "2310"]
[PlyCount "41"]
[EventDate "1983.??.??"]
[EventType "swiss"]
[EventRounds "9"]
[EventCountry "DEN"]
[SourceDate "2004.01.01"]

1. e4 e5 2. Nf3 d6 3. d4 exd4 4. Qxd4 a6 5. Bg5 f6 6. Be3 Be6 7. Nc3 Nc6 8. Qd2
g6 9. Nd5 Bg7 10. Bc4 Qd7 11. Bb3 Bf7 12. O-O-O Nge7 13. Bh6 O-O 14. Bxg7 Kxg7
15. Nxf6 Qc8 16. Qc3 Bxb3 17. Nh5+ Kf7 18. Qxb3+ d5 19. exd5 Na5 20. Qc3 gxh5
21. Qxa5 1-0

[Event "5.Copenhagen Open IM Politiken Cup"]
[Site "Hvidovre"]
[Date "1983.??.??"]
[Round "6"]
[White "Moe, Mogens"]
[Black "Nilsson, Nils Specht"]
[Result "1-0"]
[WhiteElo "2345"]
[BlackElo "2255"]
[PlyCount "65"]
[EventDate "1983.??.??"]
[EventType "swiss"]
[EventRounds "9"]
[EventCountry "DEN"]
[SourceDate "2004.01.01"]

1. e4 e6 2. d4 d5 3. Nc3 Nf6 4. Bg5 dxe4 5. Bxf6 Qxf6 6. Nxe4 Qd8 7. Nf3 g6 8.
Bc4 Bg7 9. Qe2 O-O 10. O-O-O Nd7 11. h4 Nb6 12. Bb3 a5 13. a3 a4 14. Ba2 Nd5
15. Ne5 Nf6 16. g4 Nxe4 17. Qxe4 f6 18. Nf3 Qd6 19. h5 g5 20. h6 Bh8 21. d5 e5
22. Nd2 f5 23. gxf5 Bxf5 24. Qe3 Bf6 25. Nc4 Qa6 26. Nxe5 Kh8 27. d6 Qb5 28.
Rd5 Qe8 29. d7 Qe6 30. d8=Q Bxd8 31. Rxd8 Qxa2 32. Rxa8 Rxa8 33. Qxg5 1-0

[Event "5.Copenhagen Open IM Politiken Cup"]
[Site "Hvidovre"]
[Date "1983.??.??"]
[Round "8"]
[White "Moe, Mogens"]
[Black "De Boer, Gert Jan"]
[Result "1-0"]
[WhiteElo "2345"]
[BlackElo "2330"]
[PlyCount "105"]
[EventDate "1983.??.??"]
[EventType "swiss"]
[EventRounds "9"]
[EventCountry "DEN"]
[SourceDate "2004.01.01"]

1. e4 c5 2. Nf3 e6 3. d4 cxd4 4. Nxd4 Nf6 5. Nc3 d6 6. Bc4 Be7 7. Bb3 Na6 8. f4
Nc5 9. Qf3 O-O 10. Be3 a6 11. g4 Qc7 12. g5 Nfd7 13. f5 Ne5 14. Qg3 Re8 15. O-O
Bf8 16. Rf4 b5 17. Rh4 g6 18. fxe6 fxe6 19. Nd5 exd5 20. Bxd5+ Be6 21. Nxe6
Nxe6 22. Qh3 Qd7 23. Rf1 Kh8 24. Rf6 Nc5 25. Rf7 Qxf7 26. Bxf7 Nxf7 27. Rxh7+
Kg8 28. Bd4 Nxe4 29. Rh8+ Nxh8 30. Qxh8+ Kf7 31. Qh7+ Ke6 32. Qxg6+ Kd5 33. c3
Nc5 34. h4 Re1+ 35. Kf2 Rae8 36. h5 R8e2+ 37. Kf3 Ne6 38. h6 Be7 39. h7 Nxd4+
40. cxd4 Rh2 41. Qf5+ Kc6 42. Qc8+ Kb6 43. h8=Q Rf1+ 44. Kg4 Rxh8 45. Qxh8 Rg1+
46. Kf5 Bxg5 47. Ke6 Bf4 48. Qb8+ Ka5 49. Qc7+ Ka4 50. Qc2+ Ka5 51. Qf2 Rg4 52.
Kf5 Rg8 53. Qe1+ 1-0

[Event "5.Copenhagen Open IM Politiken Cup"]
[Site "Hvidovre"]
[Date "1983.??.??"]
[Round "4"]
[White "Moe, Mogens"]
[Black "Hodgson, Julian M"]
[Result "0-1"]
[WhiteElo "2345"]
[BlackElo "2385"]
[PlyCount "38"]
[EventDate "1983.??.??"]
[EventType "swiss"]
[EventRounds "9"]
[EventCountry "DEN"]
[SourceDate "2004.01.01"]

1. e4 c5 2. Nf3 d6 3. d4 cxd4 4. Nxd4 Nf6 5. Nc3 a6 6. f4 e6 7. Bd3 b5 8. Qf3
Bb7 9. Bd2 Nbd7 10. O-O b4 11. Nce2 Nc5 12. Ng3 h5 13. Rfe1 Qb6 14. Kh1 Nxd3
15. Qxd3 h4 16. Nf1 h3 17. Nf3 Qf2 18. gxh3 Rxh3 19. Ng3 Qxg3 0-1

[Event "5.Copenhagen Open IM Politiken Cup"]
[Site "Hvidovre"]
[Date "1983.??.??"]
[Round "1"]
[White "Nielsen, Jorgen"]
[Black "Pokojowczyk, Jerzy"]
[Result "1/2-1/2"]
[WhiteElo "2230"]
[BlackElo "2335"]
[PlyCount "83"]
[EventDate "1983.??.??"]
[EventType "swiss"]
[EventRounds "9"]
[EventCountry "DEN"]
[SourceDate "2004.01.01"]

1. e4 c5 2. Nf3 d6 3. g3 Nf6 4. d3 g6 5. Bg2 Bg7 6. O-O Nc6 7. Nbd2 O-O 8. a4
h6 9. Nh4 e5 10. c3 Be6 11. Qe1 Nh5 12. Bf3 Nf4 13. Qe3 b6 14. Nf5 gxf5 15.
exf5 Nd4 16. gxf4 Nxf5 17. Qe2 Rc8 18. Nc4 Re8 19. Bg2 exf4 20. Qh5 d5 21. Na3
Qg5 22. Qxg5 hxg5 23. a5 Be5 24. h3 Nh4 25. Re1 Bb8 26. Bd2 Kg7 27. c4 Nxg2 28.
Kxg2 Rh8 29. cxd5 Bxh3+ 30. Kf3 Rce8 31. Bc3+ Kg6 32. Re4 f5 33. Re6+ Rxe6 34.
dxe6 Re8 35. Ke2 Rxe6+ 36. Kd2 f3 37. Re1 f4 38. Nc4 Rxe1 39. Kxe1 bxa5 40.
Ne5+ Bxe5 41. Bxe5 Be6 42. Bd6 1/2-1/2

[Event "5.Copenhagen Open IM Politiken Cup"]
[Site "Hvidovre"]
[Date "1983.??.??"]
[Round "6"]
[White "Nielsen, Jorgen"]
[Black "Niklasson, Christer"]
[Result "0-1"]
[WhiteElo "2230"]
[BlackElo "2400"]
[PlyCount "54"]
[EventDate "1983.??.??"]
[EventType "swiss"]
[EventRounds "9"]
[EventCountry "DEN"]
[SourceDate "2004.01.01"]

1. e4 c5 2. Nf3 e6 3. d3 Nc6 4. g3 d5 5. Nbd2 g6 6. Bg2 Bg7 7. O-O Nge7 8. Nh4
g5 9. Nhf3 g4 10. Nh4 h5 11. f3 f5 12. h3 Qc7 13. f4 Bd7 14. c4 dxe4 15. dxe4
O-O-O 16. Nb3 gxh3 17. Bxh3 fxe4 18. Kh2 Nd4 19. Rf2 Nef5 20. Bg2 e3 21. Nxf5
exf2 22. Nxg7 Bc6 23. Bxc6 Nxb3 24. Bd5 exd5 25. axb3 Qxg7 26. Rxa7 Rhg8 27.
Qf3 f1=Q 0-1

[Event "5.Copenhagen Open IM Politiken Cup"]
[Site "Hvidovre"]
[Date "1983.??.??"]
[Round "7"]
[White "Niklasson, Christer"]
[Black "Moe, Mogens"]
[Result "0-1"]
[WhiteElo "2400"]
[BlackElo "2345"]
[PlyCount "84"]
[EventDate "1983.??.??"]
[EventType "swiss"]
[EventRounds "9"]
[EventCountry "DEN"]
[SourceDate "2004.01.01"]

1. d4 Nf6 2. Nf3 g6 3. Bf4 Bg7 4. e3 O-O 5. Be2 c5 6. O-O Qb6 7. Qc1 d6 8. c3
Nbd7 9. Nbd2 Qc7 10. h3 e5 11. dxe5 dxe5 12. Bh2 Nd5 13. Rd1 N7b6 14. a4 a5 15.
Nc4 Re8 16. Qd2 Bd7 17. e4 Nxc4 18. Bxc4 Nb6 19. Ng5 Re7 20. Bd5 Bxa4 21. b3
Bc6 22. Qe3 h6 23. Nf3 Be8 24. c4 a4 25. Rdb1 Nxd5 26. cxd5 Qc8 27. Rc1 b6 28.
b4 f5 29. bxc5 f4 30. Qa3 bxc5 31. Rxc5 Qb8 32. g3 g5 33. gxf4 gxf4 34. Rc6 Rb7
35. Rc3 Rb1+ 36. Kg2 Qb6 37. Rxb1 Qxb1 38. Qe7 Qxe4 39. Rc7 Qg6+ 40. Kh1 a3 41.
Nh4 Qg5 42. Nf5 Qxe7 0-1

[Event "5.Copenhagen Open IM Politiken Cup"]
[Site "Hvidovre"]
[Date "1983.??.??"]
[Round "2"]
[White "Niklasson, Christer"]
[Black "Auchenberg, Per"]
[Result "0-1"]
[WhiteElo "2400"]
[BlackElo "2240"]
[PlyCount "64"]
[EventDate "1983.??.??"]
[EventType "swiss"]
[EventRounds "9"]
[EventCountry "DEN"]
[SourceDate "2004.01.01"]

1. g3 d5 2. f4 g6 3. Nf3 Bg7 4. Bg2 c5 5. O-O Nc6 6. d3 d4 7. c3 Nh6 8. e4 dxc3
9. bxc3 O-O 10. Qe2 b6 11. Bb2 Ba6 12. Rd1 Qd7 13. Na3 Rad8 14. Bf1 e5 15. Nxe5
Nxe5 16. fxe5 Bxe5 17. Qd2 Bg7 18. Qf4 f5 19. e5 Ng4 20. d4 Bh6 21. Bxa6 Bxf4
22. gxf4 Ne3 23. Re1 cxd4 24. cxd4 Qa4 25. Rxe3 Qxa6 26. e6 Rfe8 27. Rc1 b5 28.
Rce1 b4 29. e7 Rd7 30. Re6 Qd3 31. Nb1 Kf7 32. d5 Rdxe7 0-1

[Event "5.Copenhagen Open IM Politiken Cup"]
[Site "Hvidovre"]
[Date "1983.??.??"]
[Round "4"]
[White "Niklasson, Christer"]
[Black "Hartung Nielsen, Jens"]
[Result "1/2-1/2"]
[WhiteElo "2400"]
[BlackElo "2250"]
[PlyCount "82"]
[EventDate "1983.??.??"]
[EventType "swiss"]
[EventRounds "9"]
[EventCountry "DEN"]
[SourceDate "2004.01.01"]

1. d4 Nf6 2. Nf3 g6 3. Bf4 Bg7 4. e3 c5 5. d5 O-O 6. Nc3 d6 7. h3 Na6 8. Bc4
Nc7 9. O-O a6 10. a4 b6 11. e4 Rb8 12. Re1 b5 13. axb5 axb5 14. Bf1 b4 15. Na4
Bd7 16. e5 Nfe8 17. Bc4 Bb5 18. b3 Bxc4 19. bxc4 Na8 20. c3 bxc3 21. Nxc3 Rb4
22. Qd3 Nb6 23. Nd2 dxe5 24. Bxe5 Nd6 25. Bxg7 Kxg7 26. Na2 Ra4 27. Nc3 Rb4 28.
Ra7 Re8 29. Na2 Ra4 30. Rxa4 Nxa4 31. Qa3 Qa5 32. Qe3 Nb6 33. Qc3+ Qxc3 34.
Nxc3 Nbxc4 35. Nxc4 Nxc4 36. Na4 Kf8 37. Rc1 Nd6 38. Rxc5 Ra8 39. Nc3 Ra1+ 40.
Kh2 Rc1 41. Ne4 Rxc5 1/2-1/2

[Event "5.Copenhagen Open IM Politiken Cup"]
[Site "Hvidovre"]
[Date "1983.??.??"]
[Round "9"]
[White "Niklasson, Christer"]
[Black "Petersen, Finn"]
[Result "1/2-1/2"]
[WhiteElo "2400"]
[BlackElo "2325"]
[PlyCount "81"]
[EventDate "1983.??.??"]
[EventType "swiss"]
[EventRounds "9"]
[EventCountry "DEN"]
[SourceDate "2004.01.01"]

1. g3 e5 2. Bg2 Nc6 3. d3 d6 4. Nf3 g6 5. O-O f5 6. c4 Nf6 7. Nc3 Bg7 8. Rb1 a5
9. a3 O-O 10. b4 axb4 11. axb4 Nh5 12. b5 Ne7 13. Bb2 h6 14. Ra1 Rb8 15. Ra7 g5
16. Qb3 g4 17. c5+ Kh8 18. cxd6 cxd6 19. Nd2 f4 20. b6 Nf5 21. Nd5 Be6 22. Qb5
Bd7 23. Qc4 Bc6 24. Nc7 fxg3 25. hxg3 Bxg2 26. Kxg2 Nhxg3 27. Qxg4 Nxf1 28.
Nxf1 Qf6 29. f3 Qf7 30. Qc4 Qg6+ 31. Qg4 Qxg4+ 32. fxg4 Nh4+ 33. Kg1 Rf4 34.
Ne3 Rb4 35. Nc4 e4 36. Na6 Rxb2 37. Nxb8 Rb1+ 38. Kf2 d5 39. Ne3 Rxb6 40. Nxd5
Rb2 41. Ra3 1/2-1/2

[Event "5.Copenhagen Open IM Politiken Cup"]
[Site "Hvidovre"]
[Date "1983.??.??"]
[Round "7"]
[White "Nilsson, Nils Specht"]
[Black "Hartung Nielsen, Jens"]
[Result "1-0"]
[WhiteElo "2255"]
[BlackElo "2250"]
[PlyCount "69"]
[EventDate "1983.??.??"]
[EventType "swiss"]
[EventRounds "9"]
[EventCountry "DEN"]
[SourceDate "2004.01.01"]

1. e4 c5 2. Nf3 d6 3. Nc3 Nc6 4. d4 cxd4 5. Nxd4 Nf6 6. Be2 g6 7. Nb3 Bg7 8. h4
h5 9. Bg5 O-O 10. Qd2 Be6 11. Bh6 Qb6 12. Bxg7 Kxg7 13. f3 a5 14. Nd5 Bxd5 15.
exd5 Nb4 16. c4 Nxa2 17. Nd4 Nb4 18. Kf1 Rh8 19. g4 hxg4 20. fxg4 Ne4 21. Qe3
Nc5 22. h5 Qd8 23. Kg2 gxh5 24. Raf1 f6 25. Rxh5 Rxh5 26. gxh5 Kh7 27. Bg4 Qf8
28. Bf5+ Kh8 29. Kh1 Nba6 30. Rg1 Nc7 31. Rg6 Ne8 32. Rh6+ Kg8 33. Be6+ Nxe6
34. Qxe6+ Kg7 35. Qg4+ 1-0

[Event "5.Copenhagen Open IM Politiken Cup"]
[Site "Hvidovre"]
[Date "1983.??.??"]
[Round "9"]
[White "Nilsson, Nils Specht"]
[Black "Poulsen, Allan"]
[Result "1/2-1/2"]
[WhiteElo "2255"]
[BlackElo "2340"]
[PlyCount "83"]
[EventDate "1983.??.??"]
[EventType "swiss"]
[EventRounds "9"]
[EventCountry "DEN"]
[SourceDate "2004.01.01"]

1. e4 c5 2. Nf3 d6 3. Nc3 Nf6 4. d4 cxd4 5. Nxd4 a6 6. a4 g6 7. Be2 Bg7 8. Be3
O-O 9. O-O Nc6 10. h3 Bd7 11. Qd2 Rc8 12. Nf3 Qa5 13. Bh6 Rfd8 14. Bxg7 Kxg7
15. Bd3 h6 16. Rfe1 e5 17. b3 Be6 18. Nd1 Qxd2 19. Nxd2 Nb4 20. Nc4 Bxc4 21.
bxc4 Nd7 22. Rb1 a5 23. Nc3 Nc5 24. Red1 Rd7 25. f3 Rf8 26. Nd5 Nc6 27. Nb6
Rdd8 28. c3 f5 29. Bc2 Kf6 30. Nd5+ Kg5 31. Rd2 Rf7 32. Rbd1 h5 33. Nb6 Rf6 34.
Nd5 Rf7 35. Nb6 fxe4 36. fxe4 Rf6 37. Nd5 Rff8 38. Nb6 Rf4 39. Rxd6 Rxd6 40.
Rxd6 Nxe4 41. Bxe4 Rxe4 42. Rd7 1/2-1/2

[Event "5.Copenhagen Open IM Politiken Cup"]
[Site "Hvidovre"]
[Date "1983.??.??"]
[Round "4"]
[White "Nilsson, Nils Specht"]
[Black "Norgaard, Jesper"]
[Result "1/2-1/2"]
[WhiteElo "2255"]
[BlackElo "2290"]
[PlyCount "52"]
[EventDate "1983.??.??"]
[EventType "swiss"]
[EventRounds "9"]
[EventCountry "DEN"]
[SourceDate "2004.01.01"]

1. d4 Nf6 2. c4 g6 3. Nc3 Bg7 4. e4 d6 5. f4 c5 6. d5 O-O 7. Nf3 e6 8. Be2 exd5
9. exd5 Re8 10. O-O Na6 11. Bd3 Bd7 12. f5 Nb4 13. fxg6 hxg6 14. Bb1 Ng4 15. a3
Na6 16. Ne4 Bf5 17. Neg5 Qd7 18. Bxf5 Qxf5 19. h3 Ne3 20. Bxe3 Rxe3 21. h4 Qf4
22. Qd2 Rae8 23. Rae1 Qg3 24. Rxe3 Rxe3 25. Nxf7 Rb3 26. Qe2 Re3 1/2-1/2

[Event "5.Copenhagen Open IM Politiken Cup"]
[Site "Hvidovre"]
[Date "1983.??.??"]
[Round "1"]
[White "Nilsson, Nils Specht"]
[Black "Davies, Nigel"]
[Result "0-1"]
[WhiteElo "2255"]
[BlackElo "2375"]
[PlyCount "74"]
[EventDate "1983.??.??"]
[EventType "swiss"]
[EventRounds "9"]
[EventCountry "DEN"]
[SourceDate "2004.01.01"]

1. e4 g6 2. d4 Bg7 3. Nc3 d6 4. Be2 Nf6 5. h4 h5 6. Nf3 a6 7. Bg5 b5 8. a4 b4
9. Bxf6 exf6 10. Nd5 a5 11. c4 O-O 12. Qd3 Re8 13. Nd2 f5 14. f3 fxe4 15. fxe4
c6 16. Ne3 c5 17. dxc5 Bxb2 18. Rb1 Be5 19. cxd6 Bxd6 20. Nd5 Nd7 21. Nb3 Ba6
22. Rd1 Kg7 23. g3 Rc8 24. Qd4+ Be5 25. Qf2 Bxc4 26. Bxc4 Rxc4 27. O-O Rf8 28.
Ne3 Rc6 29. Rd5 Rf6 30. Qd2 Rxf1+ 31. Kxf1 Qf6+ 32. Kg2 Bc3 33. Qe2 Qe6 34. Nd1
Nf6 35. Rxa5 Qxb3 36. e5 Ng4 37. Nxc3 bxc3 0-1

[Event "5.Copenhagen Open IM Politiken Cup"]
[Site "Hvidovre"]
[Date "1983.??.??"]
[Round "1"]
[White "Norgaard, Jesper"]
[Black "Hodgson, Julian M"]
[Result "1/2-1/2"]
[WhiteElo "2290"]
[BlackElo "2385"]
[PlyCount "110"]
[EventDate "1983.??.??"]
[EventType "swiss"]
[EventRounds "9"]
[EventCountry "DEN"]
[SourceDate "2004.01.01"]

1. e4 c6 2. d4 d5 3. Nd2 dxe4 4. Nxe4 Nf6 5. Nxf6+ gxf6 6. c3 Bf5 7. Ne2 Nd7 8.
Ng3 Bg6 9. Be2 Qc7 10. h4 h6 11. h5 Bh7 12. Rh4 O-O-O 13. Qb3 e6 14. Bf4 Bd6
15. Bxd6 Qxd6 16. Rd1 Rhg8 17. Kf1 Rg5 18. c4 Rdg8 19. Bf3 Rxg3 20. fxg3 Qxg3
21. Rh1 Qf4 22. Qc3 Be4 23. Rh3 Bf5 24. Rh1 Rg3 25. Kf2 Be4 26. Rdg1 Rg5 27.
Qe3 Qg3+ 28. Ke2 Bh7 29. Rh3 Qd6 30. Rd1 f5 31. Rh4 Nf6 32. a3 Ne4 33. Qf4 Qd8
34. Bxe4 fxe4 35. Rg4 Bf5 36. Rxg5 hxg5 37. Qg3 f6 38. b4 a5 39. Ke3 Kd7 40.
Rb1 e5 41. Rd1 Ke6 42. h6 axb4 43. axb4 Qd6 44. Kf2 Qxb4 45. dxe5 Qc5+ 46. Ke1
e3 47. Rd6+ Ke7 48. exf6+ Kf7 49. Ke2 Bg4+ 50. Qxg4 Qxd6 51. Qxg5 Qd2+ 52. Kf3
Qf2+ 53. Ke4 Qc2+ 54. Ke5 Qb2+ 55. Kf5 Qf2+ 1/2-1/2

[Event "5.Copenhagen Open IM Politiken Cup"]
[Site "Hvidovre"]
[Date "1983.??.??"]
[Round "5"]
[White "Norgaard, Jesper"]
[Black "Nielsen, Jorgen"]
[Result "1/2-1/2"]
[WhiteElo "2290"]
[BlackElo "2230"]
[PlyCount "49"]
[EventDate "1983.??.??"]
[EventType "swiss"]
[EventRounds "9"]
[EventCountry "DEN"]
[SourceDate "2004.01.01"]

1. e4 c5 2. Nf3 Nc6 3. d4 cxd4 4. Nxd4 e5 5. Nb5 a6 6. Nd6+ Bxd6 7. Qxd6 Qf6 8.
Qd1 Qg6 9. Nc3 d5 10. Nxd5 Qxe4+ 11. Be3 Nd4 12. Nc7+ Ke7 13. Rc1 Bg4 14. Qd3
Qxd3 15. Bxd3 Rd8 16. c4 Nf6 17. Bg5 Rd6 18. Nd5+ Kd7 19. Bxf6 gxf6 20. f3 Bh5
21. Kf2 Bg6 22. Rhd1 Rc8 23. Ne3 Bxd3 24. Rxd3 f5 25. Rcc3 1/2-1/2